Datum a čas kvízu
34
Celkem bodů
Celkový počet nahraných bodů na tomto kvízu bez doplňovacích otázek.
1.
Pořadí na kvízu
Konečné umístění týmu na tomto kvízu.
Zaznamenané odpovědi
| # | Otázka | Odpověď | Body | Výsledky |
|---|---|---|---|---|
| 1. | Policie prověřuje bývalého šéf... | Robert Šlachta | 1 | |
| 2. | V kalifornském Údolí smrti byl... | 54 °C | 1 | |
| 3. | Stanice CNN Prima News, která... | Markéta Fialová | 1 | |
| 4. | V úterý byl v Praze na Vltavě... | První český dům vytvořený technologií 3D tisku. | 1 | |
| 5. | Jeden český hokejový klub zmod... | Dynamo Pardubice | 1 | |
| 6. | Začneme u nás, konkrétně pohád... | Radúz a Mahulena | 1 | |
| 7. | Jak se jmenují tři sestry ve s... | C | 1 | |
| 8. | William Shakespeare pochopitel... | Oscar Wilde | 1 | |
| 9. | Nyní se podíváme na divadlo ja... | provaziště | 0 | |
| 10. | Jak se jmenuje veleúspěšná hra... | Hrdý Budžes | 1 |